The theory of architecture : (Record no. 353578)

000 -LEADER
fixed length control field 00635nam a22002057a 4500
003 - CONTROL NUMBER IDENTIFIER
control field OSt
005 - DATE AND TIME OF LATEST TRANSACTION
control field 20180116192412.0
008 - FIXED-LENGTH DATA ELEMENTS--GENERAL INFORMATION
fixed length control field 121206t1994 xxu||||| |||| 00| 0 eng d
020 ## - INTERNATIONAL STANDARD BOOK NUMBER
International Standard Book Number 9780442013448
020 ## - INTERNATIONAL STANDARD BOOK NUMBER
International Standard Book Number 0442013442
040 ## - CATALOGING SOURCE
Transcribing agency 0
082 ## - DEWEY DECIMAL CLASSIFICATION NUMBER
Classification number 720.1
100 1# - MAIN ENTRY--PERSONAL NAME
Personal name Johnson, Paul-Alan.
9 (RLIN) 6056
245 14 - TITLE STATEMENT
Title The theory of architecture :
Remainder of title concepts, themes & practices /
Statement of responsibility, etc. Paul-Alan Johnson
260 ## - PUBLICATION, DISTRIBUTION, ETC.
Place of publication, distribution, etc. New York :
Name of publisher, distributor, etc. Van Nostrand Reinhold,
Date of publication, distribution, etc. 1994.
300 ## - PHYSICAL DESCRIPTION
Extent xxv, 486 p. :
Other physical details ill. ;
Dimensions 24 cm.
650 ## - SUBJECT ADDED ENTRY--TOPICAL TERM
Topical term or geographic name entry element Architecture--Philosophy
9 (RLIN) 6057
942 ## - ADDED ENTRY ELEMENTS (KOHA)
Source of classification or shelving scheme
Koha item type Book
Holdings
Withdrawn status Lost status Source of classification or shelving scheme Damaged status Not for loan Permanent Location Current Location Date acquired Total Checkouts Total Renewals Full call number Barcode Date last seen Date last checked out Cost, replacement price Price effective from Koha item type
          School of Art Design and Architecture (SADA) School of Art Design and Architecture (SADA) 11/20/2012 5 3 720.1 JOH 1994 SADA0001891 12/31/2024 10/21/2024 4264.00 12/06/2012 Book
© 2023 Central Library, National University of Sciences and Technology. All Rights Reserved.